1369 1311 1514 1067 1496 1952 1020 1703 1113 1341 1612 1724 1011 1632 1879 1603 1254 1400 1985 1598 1846 1551 1670 1812 1820 1342 1083 1410 1789 1487 1914 1915 1005 1936 1782 1470 1083 1493 1274 1537 1458 1526 1945 1637 1978 1399 1214 1058 1628 1210 1528 1037 1701 1363 1836 1070 1779 1836 1533 1455 1596 1401 1168 1031 1454 1207 1922 1592 1775 1598 1856 1906 1265 1356 1214 1308 1666 1621 1168 1632 1894 1604 1082 1437 1151 1469 1704 1641 1115 1768 1810 1139 1785 1310 1413 1576 1780 1122 1375 BCNSPRNW ULIB Ver.6.0+V

เปลี่ยนเป็นภาษาไทย

Change to English
 แสดงรายละเอียดบรรณานุกรม
  กลับหน้าหลัก

Brief Record : Get Marc (ISO 2709) : E-mail record : QR code < ปิดหน้าต่าง
LEADER : 00000nam 2200000uu 4500
001    13399114960
003     ULIB
008    110627s2551||||th 000 0 tha d
020    9789741685059
090    นว.^bศ439อ
100 0  ศิราวินนี่
245 00 อัศวินความฝัน/^cศิราวินนี่
250    พิมพ์ครั้งที่ 1
260    กรุงเทพฯ :^bมธุรดา,^c2551
300    256 หน้า
710 1  มธุรดา
945    ^p179^l0^i026035
995    ทศพร
999 ^a ใช้งานได้ทุกระบบ
รายการนี้ยังไม่มีแท็ก
คุณยังไม่ได้ล็อกอิน คุณสามารถมีกิจกรรมร่วมกับเว็บไซต์ได้ แต่ต้องล็อกอินก่อน ::
  ล็อกอิน

รายการสื่อสารสนเทศ

ลำดับที่ ประเภท เลขเรียก/บาร์โค้ด สถานที่ สถานะ
1. นวนิยาย
นวนิยาย
นว. ศ439อ ฉ.1 
  Barcode: 026035
ห้องสมุดวิทยาเขตสวรรค์ประชารักษ์
►นวนิยาย
บนชั้น
  ขอยืม

BibComment


ยังไม่เคยถูกคอมเมนท์

คอมเมนท์ทรัพยากรรายการนี้
  คอมเมนท์: อัศวินความฝัน ศิร..


 Copyright 2026. Bcnsprnw @Library